Four osteological synapomorphies within Eleutherodactylus (<Amphibia: Leptodactylidae>) and their bearing on subgeneric classifications (Registro nro. 14181)

Detalles MARC
000 -CABECERA
Campo de control 004420000a22001090004500
090 ## - CLASIFICACIÓN LOCAL
Colección AS
Consecutivo Seriadas
041 0# - IDIOMA
Código de idioma para texto/pista de sonido o título separado
100 1# - ASIENTO PRINCIPAL--NOMBRE PERSONAL
Nombre personal Lynch, John D.
245 10 - MENCION DE TITULO
Título Four osteological synapomorphies within Eleutherodactylus (<Amphibia: Leptodactylidae>) and their bearing on subgeneric classifications
773 1# - Item fuente:
Título Revista de la Academia Colombiana de Ciencias Exactas, Fisicas y Naturales
Especificación de materiales 32
Descripción física 94
Paginas del Articulo 127-136
Lugar, editorial y fecha de publicación 2001
Información sobre la relación 25
942 ## - ELEMENTOS ADICIONALES (KOHA)
Tipo de ítem Artículo

No hay ítems disponibles.